Quick Test! Quiz Stats

 Plays Quiz not verified by Sporcle

Challenge
Share
Tweet
Embed
Score 0/15 Timer 01:00
0 Plays Today
% Correct
earth
90.9%
red
89.4%
8
89.4%
21
89.4%
E
87.9%
13
87.9%
19
86.4%
7:45
86.4%
% Correct
P
86.4%
Handles
83.3%
fingers
81.8%
H
81.8%
word
80.3%
cup
77.3%
W
48.5%

You're not logged in!

Compare scores with friends on all Sporcle quizzes.
Join for Free
OR
Log In

You Might Also Like...

Show Comments

Extras

Created Feb 26, 2014ReportNominate
Tags:fast, faster, quick, test

Top Quizzes Today


Score Distribution

Your Account Isn't Verified!

In order to create a playlist on Sporcle, you need to verify the email address you used during registration. Go to your Sporcle Settings to finish the process.

Report this User

Report this user for behavior that violates our Community Guidelines.

Details: